[Event "NED-ch53"]
[Site "Rotterdam"]
[Date "1998.06.30"]
[Round "8"]
[White "Sokolov, Ivan"]
[Black "Van der Sterren, Paul"]
[Result "1-0"]
[WhiteElo "2625"]
[BlackElo "2550"]
[Annotator "Tsesarsky,I"]
[PlyCount "77"]
[EventDate "1998.06.21"]
[EventType "tourn"]
[EventRounds "11"]
[EventCountry "NED"]
[EventCategory "12"]
[SourceTitle "CBM 066"]
[Source "ChessBase"]
[SourceDate "1998.09.30"]
[SourceVersion "1"]
[SourceVersionDate "1998.09.30"]
[SourceQuality "1"]

1. d4 d5 2. c4 e6 3. Nc3 Nf6 4. Nf3 Be7 5. Bg5 h6 6. Bxf6 Bxf6 7. Qd2 dxc4 8.
e4 (8. e3 c5 9. dxc5 Qxd2+ 10. Nxd2 Bxc3 11. bxc3 Na6 12. Ne4 (12. Nxc4 Nxc5
13. Rd1 Ke7 $15) (12. c6 bxc6 13. Nxc4 Nc5 $11) 12... f5 13. Nd6+ Ke7 14. Nxc4
Nxc5 15. Ne5 Rd8 $15 {0-1 Riedel,W-Meyer,P/BL 1986 (35)}) 8... c5 9. d5 exd5
10. e5 d4 $146 (10... Bg5 11. Qxd5 Nc6 (11... Be6 12. Qxb7 Nd7 13. Qe4 (13.
Nxg5 hxg5 14. O-O-O $16) 13... Nb6 14. Rd1 Qc8 15. Nxg5 hxg5 16. Be2 $16 {
1-0 Nikolic,P-Wedberg,T/Lugano op 1987 (37)}) 12. Bxc4 O-O 13. O-O Qxd5 14.
Bxd5 Nb4 15. Nxg5 (15. Be4 Rb8 (15... f5 16. Bd5+ Nxd5 17. Nxd5 Bd8 18. Rfd1
Re8 19. Rac1 b6 20. b4 cxb4 21. Nxb4 Bb7 22. Nc6 Bg5 {= Ubilava,E-Dorfman,I/
Tashkent 1984}) 16. a3 Na6 17. Nxg5 hxg5 18. Nb5 Bd7 19. Nd6 b5 20. f4 gxf4 21.
Rxf4 Be6 22. Raf1 $14 {1-0 Beliavsky,A-Olafsson,H/Thessaloniki olm 1984 (46)})
15... Nxd5 16. Nxd5 hxg5 17. f4 gxf4 18. Rxf4 Rd8 $11 {1/2-1/2 Karpov,
A-Kasparov,G/Wch31-KK1 Moscow 1984 (30)}) (10... Be7 11. Nxd5 b5 12. b3 (12. a4
Bb7 13. Nxe7 Qxe7 14. axb5 Nd7 15. Ra3 Bxf3 16. Rxf3 Nxe5 17. Re3 Rd8 18. Qc3
Rd4 19. Bxc4 O-O 20. O-O Qc7 $11) 12... Ba6 (12... cxb3 $5 13. Bxb5+ Bd7 14.
Bxd7+ Nxd7 15. axb3 Nb6 16. Nxe7 Qxd2+ 17. Nxd2 Kxe7 $11) (12... Bg4 13. bxc4
Nc6 14. e6 $2 (14. cxb5 Bxf3 15. Nxe7 Qxe7 (15... Qxd2+ 16. Kxd2 Kxe7 17. bxc6
Rhd8+ 18. Ke3 Bxc6 19. Rc1 Rd5 20. f4 $132) (15... Nd4 16. Nc6 Nxc6 17. Qxd8+
Rxd8 18. bxc6 Bxc6 19. Rc1 Rd5 20. f4 $11) 16. bxc6 Qxe5+ 17. Qe3 Qxe3+ 18.
fxe3 Bxc6 19. Rc1 Ke7 20. Rxc5 Rac8 $15) 14... Bxe6 15. Nxe7 Qxe7 16. cxb5 Nb4
17. Be2 Bc4 18. O-O Rd8 19. Qxd8+ (19. Qb2 Bxe2 20. Rfe1 Nd3 21. Qxe2 Nxe1 22.
Rxe1 Qxe2 23. Rxe2+ Kd7 $19) 19... Qxd8 20. Bxc4 O-O $17) 13. bxc4 bxc4 14. Rd1
Nc6 15. Qc3 O-O $1 16. Bxc4 (16. Nf6+ $2 Bxf6 17. Rxd8 Bxd8 $17) 16... Bxc4 17.
Qxc4 (17. Nf6+ $6 Bxf6 18. Rxd8 Raxd8 19. Qxc4 Nxe5 $10) 17... Qa5+ 18. Nd2 $5
{0-1 Nikolic,P-Yusupov,A/Linares 1988 (40)} Rae8 19. f4 Nb4 $11) 11. exf6 (11.
Ne4 Be7 12. Bxc4 O-O $17) 11... dxc3 (11... Qxf6 $2 12. Nd5 Qe6+ 13. Qe2 Na6
14. Nf4 Qxe2+ 15. Bxe2 b5 (15... d3 16. Bd1 g5 17. Nd5 Kd8 18. Ne3 Re8 19. Kd2
Re4 20. Rc1 b5 21. a4 Bd7 22. axb5 Bxb5 23. Nf5 $16) 16. a4 Nb4 17. Kd2 g5 18.
Nh5 d3 19. Bd1 $16) 12. Qe3+ (12. Qxd8+ $2 Kxd8 13. O-O-O+ Kc7 14. bxc3 (14.
fxg7 cxb2+ 15. Kxb2 Rg8 16. Bxc4 Rxg7 $17) 14... Be6 (14... gxf6 15. Bxc4 Be6
16. Bxe6 fxe6 17. Rhe1 Re8 18. Rd5 $44) 15. fxg7 Rg8 $17) 12... Kf8 (12... Be6
13. fxg7 Rg8 14. Qxc3 Nc6 15. Bxc4 Bxc4 16. Qxc4 Qa5+ 17. Kf1 Rxg7 18. Re1+ Kf8
19. g3 $14) 13. Qxc5+ Kg8 14. Bxc4 (14. bxc3 Nd7 15. Qe7 Qxe7+ 16. fxe7 Kh7 17.
Kd2 Re8 18. Re1 Nb6 19. a4 Be6 20. a5 Na4 21. Nd4 Rxe7 22. Bxc4 Rd8 23. Re3
$132) 14... cxb2 (14... Kh7 15. fxg7 Re8+ 16. Be2 cxb2 17. Qc2+ Kxg7 18. Qxb2+
Qf6 $11) 15. Rb1 Nc6 (15... gxf6 16. O-O Bg4 17. Rfd1 Qc8 18. Qxc8+ Bxc8 19.
Rd8+ Kg7 20. Rxh8 Kxh8 21. Bxf7 Nc6 22. Rxb2 b6 $11) 16. fxg7 Kxg7 17. O-O Qf6
18. Qa3 Bg4 19. Nd2 (19. Rxb2 Bxf3 20. Qxf3 Qxf3 (20... Qxb2 21. Qxf7#) 21.
gxf3 b6 22. Bd5 Rac8 $11) 19... Rad8 (19... Rhe8 20. Rxb2 Rad8 $132) 20. Rxb2
Ne5 (20... Rhe8 $132) 21. Qg3 Kh7 (21... h5 22. h3 (22. Rb5 Rxd2 23. Rxe5 Rh6 (
23... Rd4 24. Bd5 Rd8 (24... Rd3 25. f3 $1 Rd8 26. Bxb7 Qb6+ 27. Kh1 Rd1 28.
Ree1 $18) 25. Rxh5 R8xd5 26. Rxd5 Rxd5 27. Qxg4+ $16) 24. Rfe1 $1 (24. f3 $2 h4
25. Qe1 (25. Qxg4+ Rg6 26. Re4 Qb2 27. Kh1 Rxg4 28. fxg4 h3 $19) 25... Bh3 26.
Qxd2 Qxe5 27. Kh1 Rd6 28. Qf2 Qf4 29. gxh3 Qxc4 30. Rg1+ Rg6 31. Qxa7 Qe2 32.
Qd4+ Kg8 33. Qc3 Rxg1+ 34. Kxg1 $11) 24... Rg6 25. Bxf7 $1 $18) 22... h4 23.
Qb3 Nxc4 24. Nxc4 Be6 $132) 22. Rb5 $5 Nxc4 23. Ne4 $5 (23. Nxc4 $2 Be2 $19)
23... Qg6 (23... Qe6 24. Qxg4) 24. Qxg4 Qxg4 25. Nf6+ Kg7 (25... Kg6 26. Nxg4
Rd4 27. f4 (27. Ne3 Nxe3 28. fxe3 Rd7 $11) (27. h3 b6 28. Rb4 Rc8 29. Rc1 Nd6
$1 30. Rxd4 (30. Rxc8 Rd1+ (30... Rxb4 31. Rg8+ Kf5 32. Nxh6+ $16) 31. Kh2 Nxc8
$11) 30... Rxc1+ 31. Kh2 Nf5 32. Rd7 Re1 33. Rxa7 h5 34. Ne3 Nxe3 35. fxe3 Rxe3
$11) 27... Nd6 28. Ne5+ Kg7 $11) 26. Nxg4 h5 $2 $16 (26... b6 $11) (26... Rd4
$11) 27. Rg5+ $1 Kf8 28. Nf6 Rd6 (28... Ke7 29. Nd5+ (29. Nxh5 Rd2 30. Re1+ Kd6
31. Nf6 $1 Rc2 (31... Rxa2 32. Ne4+ $18) 32. Ne4+ Ke7 (32... Kc6 33. Rc5+ Kb6
34. a4 Re8 35. f3 Rg8 36. g3 Rh8 37. h4 Rg8 38. Rf5 $18) 33. Rc5 $16) 29... Kd6
30. Rd1 h4 31. h3 Kc6 32. Rf5 $16) 29. Nxh5 Rdh6 30. Ng3 Rxh2 31. Rc5 (31. Rc1
R2h4 (31... Nd6 32. Rc7 R2h6 33. Rd5 Ke8 34. f3 $16) 32. Rc5 Nd6 33. Rd5 R8h6
34. Rcd1 Ne8 35. Rd7 f5 36. f3 f4 37. Ne2 Rh1+ 38. Kf2 Rxd1 39. Rxd1 Ra6 40.
Rd7 b6 41. Nxf4 Rxa2+ 42. Kg3 $1 (42. Ke3 $2 a5 43. Rb7 (43. Ne6+ Kg8 44. g4 a4
45. f4 a3 46. f5 Ra1 $17) 43... Nd6 44. Ra7 Nf5+ $11) 42... a5 43. Rb7 Nd6 44.
Rxb6 Ke7 45. Ra6 $16) 31... Nd6 32. Rd1 Ne8 $6 $18 (32... Ke7 33. Rcd5 Nc4 34.
Rd7+ Ke6 35. Rxb7 $16) 33. Rc8 (33. Rd7 $16) 33... R2h6 $8 (33... Ke7 34. Re1+
Kd7 35. Rcxe8 Rxe8 36. Rd1+ Kc6 37. Kxh2 $18) 34. Re1 (34. Rd7 $16) 34... Re6
35. Rxe6 fxe6 36. Ne4 Kf7 (36... Kg7 37. Nc5 Kf6 38. Nxb7 Rh7 39. Nc5 Nd6 40.
Rc6 $18) 37. Rb8 (37. Nd6+ Ke7 38. Nxb7 $18) 37... b6 38. Ra8 Rh5 $6 (38... Rh4
39. f3 (39. Rxa7+ Kg6 40. f3 (40. Re7 Rxe4 41. Rxe8 $16) 40... Nf6 41. Ra4 $1
$18) 39... Nf6 40. Rxa7+ Kg6 41. Ra4 $1 $18 (41. g3 Rh5 42. Nxf6 Kxf6 $16)) 39.
Rxe8 1-0

[Event "Dubai op"]
[Site "Dubai"]
[Date "2000.04.29"]
[Round "2"]
[White "Lputian, Smbat G"]
[Black "Kaiumov, Dmitry D"]
[Result "0-1"]
[WhiteElo "2605"]
[BlackElo "2475"]
[Annotator "Tsesarsky,I"]
[PlyCount "98"]
[EventDate "2000.04.28"]
[EventType "swiss"]
[EventRounds "9"]
[EventCountry "UAE"]
[SourceTitle "CBM 077"]
[Source "ChessBase"]
[SourceDate "2000.07.27"]
[SourceVersion "1"]
[SourceVersionDate "2000.07.27"]
[SourceQuality "1"]

1. d4 Nf6 2. Nf3 d5 3. c4 e6 4. Nc3 Be7 5. Bg5 h6 6. Bh4 O-O 7. Rc1 dxc4 8. e3
c5 9. Bxc4 cxd4 10. Nxd4 Bd7 (10... a6 $6 11. O-O e5 (11... b5 12. Be2 Bb7 13.
Bf3 $1 Ra7 14. Bg3 $5 (14. Bxb7 Rxb7 15. Qf3 Rd7 16. Rfd1 Qb6 17. a4 $1 bxa4 (
17... b4 18. Nb1 $14) 18. Nxa4 $14 {1-0 Uhlmann,Wolfgang-Lputian,Smbat G/
DSV-Turnier Berlin-Ost (8) ;MCL 1982 (35)}) 14... Qb6 15. a4 Bb4 16. Nb1 $16 {
/\ Nd2-c4}) 12. Nf3 Qxd1 13. Rfxd1 Nc6 14. h3 (14. Bxf6 Bxf6 15. Ne4 Be7 16.
Bd5 $14) 14... Rd8 15. Bg3 Rxd1+ 16. Rxd1 Nd7 17. Bd5 $16 {1-0 Stean,
Michael-Burger,Karl/Beersheba (6) ;MCD 1982 (20)}) 11. Bg3 $5 (11. Be2 {
modest continuation} Nc6 12. Nb3 Nd5 13. Bxe7 Ncxe7 {1/2-1/2 Kortschnoj,
Viktor-Karpov,Anatoly (17)/World Championship 30th ;MainBase 1981 (23)}) (11.
O-O {-mainline}) 11... Nc6 (11... a6 12. O-O (12. e4 Nc6 13. Nb3 (13. O-O Nxd4
14. Qxd4 Bc6 $11) 13... Qb6 (13... b5 14. Bd3 {+/= Kortschnoj} (14. Be2 {
Ivanchuk} b4 $6 15. Nd5 $1 Nxe4 16. Bc7 $1 $16) 14... b4 (14... Qb6 15. e5 Nd5
16. Nxd5 exd5 17. O-O $14) (14... e5 $5 15. O-O Be6 $11) (14... Be8 $5 {
Ivanchuk}) 15. Na4 Ne5 16. Bxe5 Bxa4 $11 {Ivanchuk,Vassily-Gelfand,Boris/
Dortmund (2) ;CBM 60 1997/1-0 (49)}) 14. e5 Nh7 15. O-O Rfd8 16. Qe2 Be8 17.
Kh1 Nd4 18. Nxd4 Rxd4 19. f3 Qd8 $11 {Karpov,Anatoly-Beliavsky,Alexander G/
Dortmund (5) ;CBM 48 1995/1-0 (60)}) 12... Nc6 13. Nb3 b5 14. Be2 Qb6 15. a4 b4
16. Ne4 Rfd8 17. a5 Qa7 18. Bf3 Be8 19. Qe2 Rac8 $132 {1/2-1/2 Sorin,
Ariel-Glimbrant,Torbjorn/Ibercaja op Zaragoza ;TD 1992 (46)}) 12. Ndb5 (12. Nb3
Na5 13. Be2 Rc8 14. O-O Nc4 $11 {1/2-1/2 Ornstein,Axel-Schussler,Harry/SWE-ch
Malmo ;EXT 97 1986 (31)}) 12... a6 (12... e5 13. a4 a6 14. Na3 Bxa3 15. bxa3
Qe7 16. Bh4 g5 17. Bg3 Be6 18. Bxe6 Qxe6 19. O-O Rfd8 20. Qc2 Rac8 21. Qb1 $132
{Kortschnoj,Viktor-Short,Nigel D/FIDE-Wch k.o. (2) ;CBM 63 1997/1/2-1/2 (59)})
13. Nd6 b5 (13... Qb6 14. Be2 Bxd6 15. Bxd6 Rfd8 16. Bg3 Be8 17. Qc2 Nb4 18.
Qb1 a5 19. O-O Bc6 20. Rfd1 Nbd5 21. Be5 Nxc3 {1/2-1/2 Komarov,D-Goldin,A/
JUG-chT 1997/EXP 59} 22. Bxc3 Be4 23. Qa1 $14) 14. Be2 Qb6 (14... e5 $5 15. Bf3
Qc7 (15... Qb6 16. Nde4 Be6 17. Nxf6+ Bxf6 18. Nd5 Bxd5 19. Qxd5 Qa5+ 20. Ke2
Nb4 21. Qb3 Rad8 22. Rcd1 Nxa2 23. Rxd8 Rxd8 24. Bd5 Qc7 25. Qxa2 Qc2+ 26. Kf3
Qf5+ 27. Ke2 Qc2+ {1/2-1/2 Van Wely,Loek-Van der Sterren,Paul/Bundesliga 9899 
(1) ;GER-chT 1998}) 16. Nce4 Nxe4 17. Nxe4 Rfd8 18. O-O Rac8 19. Qe1 $11) 15.
a4 b4 16. Nc4 {This novelty also don't promise to White any advantage, but
Black must play with certain Accuracy.} ({complicated game after} 16. Nb1 Na5 (
16... Rad8 17. Nc4 Qa7 $11) 17. Nxf7 $1 {/\ Bc7} (17. O-O Bc6 $15) 17... Bc6 $1
(17... Rxf7 18. Bc7 Qb7 19. Bxa5 $14) (17... Kxf7 18. Bc7 $14) (17... Rfc8 18.
Rxc8+ Rxc8 19. Ne5 $14) 18. Ne5 $8 Bxg2 (18... Rfd8 19. Nd3 Ne4 20. Be5 $1 $14)
19. Rg1 $132 {Piket,Jeroen-Van der Sterren,Paul/Lost Boys 5th (6) ;CBM 61 1997/
1/2-1/2 (55)}) 16... Qa7 17. Nb1 {[%cal Gb1d2]} (17. Na2 Rfd8 18. O-O $11)
17... Rfd8 {Black equalized. White therefore try to fight for winning} 18. Nbd2
Be8 $6 $14 {Better was remove B to b7:} (18... Bc8 {[%cal Gc8b7]} 19. Bf3 Bb7
20. a5 Nd7 21. Bc7 (21. O-O Rac8 $11) 21... Rdc8 $11) 19. Bf3 a5 20. O-O Rac8
21. Qe2 Nb8 $5 {[%csl Ra4][%cal Ge8a4]} 22. Ra1 {[%cal Gd2b3] White remain b3
square for Nd2.} (22. b3 $6 $11 {[%csl Rc3][%cal Gf6d5]}) 22... Nd5 23. Nb3 Nc6
24. Rfc1 {[%csl Ra5][%cal Ge3e4]} Bf8 25. h3 Be7 {Kaumov can't improve his
pieces places and is waiting.} 26. Rc2 Bf8 27. Rac1 Nce7 {[%csl Ra4]} (27...
Nb8 28. e4 Ne7 29. Ncxa5 Rxc2 30. Rxc2 Bxa4 31. Rc7 Qa6 32. Nb7 Qxe2 33. Bxe2
Rd7 34. N3c5 Rd2 $1 (34... Rxc7 35. Bxc7 $18 {[%csl Ra4,Rb8]}) 35. Bh5 $1 (35.
Nxa4 Rxe2 36. Bd6 (36. Rxe7 Bxe7 37. Bxb8 Rxe4 $44) 36... Nbc6 37. e5 $14)
35... Bc6 36. Bd6 g6 37. Bxe7 Bxe7 38. Rxe7 gxh5 39. Rc7 Bxb7 40. Rxb7 Nc6 41.
Rb6 $16) 28. Ncxa5 (28. e4 Bxa4 29. Ncxa5 Nf6 30. Rc7 $14) 28... Rxc2 29. Rxc2
Bxa4 30. e4 Nf6 (30... Nb6 31. Rc7 Qa8 $8 32. Qe3 $14) 31. Rc7 Qa8 $8 32. Qc4
$4 $17 {[%csl Rc7]} (32. Qe3 $1 $14) 32... Ne8 $1 {[%csl Rc7]} 33. Rc5 Qa7 $2
$11 {Counter-mistake} (33... Ng6 $1 {[%csl Rc5]} 34. Qxb4 (34. Rh5 Qc8 35. Nc5
Bd1 $1 36. Nab7 (36. Bxd1 Rxd1+ 37. Kh2 Nf6 $19 {[%csl Rh5]}) 36... Bxf3 37.
gxf3 Bxc5 38. Nxc5 Nf6 $19) 34... Bxb3 35. Nxb3 Bxc5 $17) 34. Qc1 Rd3 35. Qa1
$1 Qd7 36. Nc1 $2 $17 {[%csl Rd1]} (36. Qa2 Ng6 $11) 36... Rd2 $2 {Mistakes
comedy, probably in time pressure} ({The advantage was keep} 36... Rxf3 $1 37.
gxf3 Nf5 38. exf5 (38. Rxf5 exf5 $17) 38... Qd1+ 39. Kg2 Bxc5 40. fxe6 fxe6 $17
) 37. Nc4 Qd4 (37... Rd1+ $1 38. Bxd1 Qxd1+ 39. Kh2 Nf5 $1 (39... Qd4 40. Ra5
Bc6 41. Ne5 $16) 40. Rxf5 $1 (40. Ra5 Nxg3 41. Kxg3 (41. fxg3 Bc6 $44) 41...
Bc6 42. f3 b3 $44 {[%csl Rg3][%cal Gf8b4,Gb4e1]}) 40... exf5 41. Ne3 Qd7 42.
Nxf5 $14) 38. Nxd2 Qxc5 39. Qxa4 Qxc1+ 40. Nf1 {[%cal Ga4e8]} Nf6 41. Qxb4 Nf5
42. Qd2 $6 $44 (42. Qc3 Qxc3 43. bxc3 Nxg3 44. Nxg3 $14 {Because off opponent
colours BB - +/= and not +/-}) 42... Qxd2 43. Nxd2 Nxg3 44. fxg3 Bb4 45. Nc4
Kf8 46. Kf1 Nd7 47. Ke2 Ke7 48. Kd3 Nc5+ 49. Kc2 f6 $44 0-1

[Event "Petrov Memorial op"]
[Site "St Petersburg"]
[Date "2000.02.10"]
[Round "4"]
[White "Popov, Valerij"]
[Black "Polovodin, Igor A"]
[Result "0-1"]
[WhiteElo "2534"]
[BlackElo "2434"]
[Annotator "Tsesarsky,I"]
[PlyCount "78"]
[EventDate "2000.02.05"]
[EventType "swiss"]
[EventRounds "9"]
[EventCountry "RUS"]
[SourceTitle "CBM 076"]
[Source "ChessBase"]
[SourceDate "2000.05.31"]
[SourceVersion "1"]
[SourceVersionDate "2000.05.31"]
[SourceQuality "1"]

{[%mdl 640]} 1. Nf3 Nf6 2. c4 e6 3. Nc3 d5 4. d4 Be7 5. Qc2 O-O 6. Bg5 Nc6 $6
$14 (6... Nbd7) (6... h6) 7. e3 h6 8. Bh4 b6 9. Rd1 (9. O-O-O $5) 9... Bb7 10.
a3 Rc8 11. Be2 Ne4 (11... Na5 12. cxd5 Nxd5 13. Bxe7 Qxe7 14. Nxd5 exd5 15. b4
$14 {Averkin,O-Lein,A/URS 1969 (15)}) 12. Nxe4 Bxh4 13. cxd5 exd5 14. Nc3 Bf6
15. h4 $1 {Good decision! White can start K Attack inspite of Ke1} Ne7 16. g4 {
[%cal Gg4g5]} Ng6 (16... g6 17. g5 hxg5 18. hxg5 Bg7 19. Ne5 $16) 17. g5 hxg5
18. hxg5 Bxg5 19. Kd2 $1 {[%cal Gd1g1] Preparing R manouevre to Kingside} (19.
Nb5 a6 20. Na7 Ra8 21. Nc6 Bxc6 22. Qxc6 Bf6 23. Bd3 Re8 24. Rc1 (24. Rh5 Nf4)
24... Ra7 25. Bxg6 fxg6 26. Rg1 g5 $44) (19. Bd3 Qf6 20. Ne5 (20. Nxg5 Qxg5 21.
Ne2 (21. Nb5 Qg2 22. Ke2 Rfe8 23. Bxg6 Qxg6 24. Qxg6 fxg6 25. Nc3 $17 (25. Nxa7
Ra8 26. Nb5 Ba6 27. a4 c6 $19)) 21... c5 22. dxc5 Rxc5 23. Qa4 Rc7 (23... d4
24. Rg1) 24. Nd4 Bc8 25. Be2 Bd7 26. Qb4 Rfc8 $15) 20... Bh4 (20... Bh6 21. Nd7
$16) 21. Rh3 {[%cal Ge5d7]} (21. Rh3 Rcd8 22. Nxg6 (22. Kf1 c5 $15) 22... fxg6
23. Rd2 Rd6 24. b4 Qg5 $17) 21... Rcd8 (21... Nxe5 22. dxe5 Qg5 23. Bh7+ Kh8
24. Qf5 Rcd8 25. Rd4 Qxf5 26. Bxf5 g5 27. Rg4 Rg8 28. Kd2 Rg7 29. f4 Kg8 30.
Nb5 c5 31. Nxa7 d4 32. Nb5 dxe3+ 33. Kxe3 gxf4+ 34. Kxf4 Rxg4+ 35. Kxg4 $14)
22. Bf5 (22. Bxg6 fxg6 23. Rd2 Bc8 $15) 22... Nxe5 23. dxe5 Qg5 24. Rd4 Qg1+
25. Kd2 Qxf2+ 26. Kc1 Qxc2+ 27. Kxc2 Bg5 28. Rg4 f6 (28... Be7 29. Rg2 {
[%cal Gg2h2]} Bc8 30. Bxc8 Rxc8 31. Rgh2 f5 32. e6 g5 33. Rh8+ Kg7 34. R8h7+
Kf6 35. Nxd5+ Kxe6 36. Nxe7 $16) 29. Be6+ Rf7 30. exf6 (30. Rxg5 fxg5 31. Rf3
Rdd7 $19) 30... Bxf6 31. Rg1 c5 32. Rgh1 Kf8 33. Rh8+ Ke7 34. Bxf7 Rxh8 35.
Rxh8 Kxf7 36. Rb8 $14) 19... c5 20. Rdg1 $6 $132 (20. Rh5 $142 $1 Bh6 (20...
Bf6 21. Rdh1 {[%cal Gh5h8]} Re8 22. Bd3 $1 (22. Qf5 cxd4 23. exd4 Qd6 24. Bd3 (
24. Bb5 Re6 25. Bd3 Kf8 26. Kc2 Ke7 $17) 24... Kf8 25. Kc2 Nf4 $17) 22... cxd4
23. Nxd4 $16) (20... cxd4 21. Nxd4 Re8 22. Rdh1 Bh6 23. Bd3 Qf6 24. Kd1 $14 (
24. Rf5 Qxd4 25. Rxh6 Qg4 26. Rxf7 $1 gxh6 27. Rxb7 Rf8 $19)) 21. Qf5 (21. Rdh1
Qf6 22. Rf5 Qe6 23. Kd1 Rfe8 24. Bb5 Re7 25. Rfh5 a6 26. Bd3 Rce8 27. Bf5 Qd6
$44) 21... Ne7 22. Qg4 f5 23. Qg2 Rf6 24. Rdh1 Rg6 25. Qh3 f4 26. Ne5 (26. Kd1
{[%cal Gf3e5]}) 26... fxe3+ 27. fxe3 cxd4 28. Nxg6 dxc3+ 29. bxc3 Nxg6 30. Qe6+
Kh7 31. Rxh6+ $18) 20... cxd4 21. Nxd4 Qf6 ({Strong was also} 21... Bf6 22. Qf5
(22. Rxg6 fxg6 23. Bg4 (23. Qxg6 Bxd4 24. exd4 Qf6 25. Qh7+ Kf7 $19) 23... Bxd4
24. Be6+ Rf7 25. exd4 Qg5+ 26. Kd1 Rc4 27. Qd3 Qf6 28. Bxf7+ Kxf7 $17) 22...
Re8 23. Rg4 (23. Qh5 Bxd4 24. exd4 Qf6 $19) (23. Bh5 Ne5 (23... Bxd4 24. exd4
Qd6 25. Bxg6 $14) 24. Kc1 (24. Qh7+ Kxh7 25. Bxf7+ Bh4 $19) 24... g6 25. Be2
Nc4 26. Qh3 {[%cal Gd4f5]} Kf8 $1 $17 (26... Bxd4 27. exd4 Qf6 28. Bg4 (28.
Bxc4 dxc4 29. d5 Qf4+ 30. Kb1 Kg7 31. Qh7+ Kf6 $17) 28... Rcd8 29. Bd7 Qxd4 (
29... Rxd7 30. Qh7+ Kf8 31. Qh8+ Qxh8 32. Rxh8+ Kg7 (32... Ke7 33. Re1+ Kf6 34.
Rhxe8 $16) 33. Rxe8 Nd6 34. Re2 $16) 30. Rd1 Qf4+ 31. Kb1 Kg7 32. Bxe8 Rxe8 33.
Rxd5 $16)) 23... Re5 24. Qf3 Rg5 25. Bd3 Rxg4 26. Qxg4 Bxd4 27. Qxd4 Qg5 28.
Ke2 $44) 22. Kc1 $2 $15 {[%csl Rd4][%cal Gc8c1,Gg5c1] White Nd4 is stronger
than Black Bg5.} (22. Kd1 $1 Rfe8 23. Bd3 $14 {[%cal Gh1h3,Gh1h5]}) 22... Qxd4
$1 23. Rxg5 Qf6 24. Rgh5 $6 $17 (24. Rf5 $5 Qe6 25. Bf3 (25. Rfh5 Rfd8 26. Bf3
Rc7 $15) 25... Rfd8 26. Rfh5 Rc7 $15) 24... Rfd8 25. Rf5 Qe7 $6 (25... Qe6 $5
26. Bf3 d4 27. exd4 Bxf3 28. Rxf3 Rxd4 $17) 26. Bf3 (26. Rfh5 Qf6 (26... Rxc3
27. bxc3 Qxa3+ 28. Qb2 Qxb2+ 29. Kxb2 d4 30. Rd1 dxc3+ 31. Kxc3 Rc8+ 32. Kb3
$132) 27. Rf5 Qe6 $17) 26... d4 $1 27. exd4 Rxd4 (27... Bxf3 28. Rxf3 Rxd4 $17)
28. Rfh5 (28. Bxb7 Qxb7 $17) 28... Qd7 29. Bxb7 Qxb7 30. Kb1 Qf3 31. R5h3 Qg4
32. f3 Qe6 33. Qh2 f6 34. Qg1 Qf5+ 35. Ka1 $2 $19 (35. Ne4 Rcd8 36. Qg3 $17)
35... Rd2 36. Qe3 Rd3 37. Qe2 Kf7 38. Qc2 Nf4 39. Rh4 Ne6 0-1

[Event "Evry 1st"]
[Site "Evry"]
[Date "2001.03.18"]
[Round "4"]
[White "Shchekachev, Andrei"]
[Black "Justo, Damian"]
[Result "1-0"]
[WhiteElo "2537"]
[BlackElo "2327"]
[Annotator "Tsesarsky,I"]
[PlyCount "79"]
[EventDate "2001.03.??"]
[EventType "tourn"]
[EventRounds "9"]
[EventCountry "FRA"]
[EventCategory "8"]
[SourceTitle "CBM 083"]
[Source "ChessBase"]
[SourceDate "2001.07.05"]
[SourceVersion "1"]
[SourceVersionDate "2001.07.05"]
[SourceQuality "1"]

1. Nf3 d5 2. d4 e6 3. c4 Nf6 4. Nc3 Be7 5. Bg5 O-O 6. Qc2 h6 7. Bxf6 Bxf6 8. e4
{In this variation Black reach strong counterplay, it is not a model for
opening strategy for White...} (8. Rd1 {-mainline.}) 8... dxe4 9. Qxe4 c5 $1 (
9... Nc6 $6 10. O-O-O Ne7 11. h4 Re8 12. g4 $14 {1/2-1/2 Henrichs,T-Schoebel,F/
Bochum 1991/EXT 97 (45)}) (9... Nd7 10. Bd3 g6 11. h4 Bg7 12. O-O-O Nf6 13. Qf4
$14 {1/2-1/2 Leroy,A-Hamrakulova,Y/Bratislava 1993/TD (24)}) 10. Bd3 (10. O-O-O
Qa5 (10... Nc6 11. d5 (11. Bd3 g6 12. Ne5 Qxd4 {0-1 Langeweg,K-Donner,J/
Leeuwarden 1979/MCD (12)}) 11... Nd4 12. Bd3 g6 13. h4 h5 14. Ng5 {1/2-1/2
Atalik,S-Stern,R/Budapest 1991/CBM 23 ext (14)}) (10... cxd4 11. Nxd4 Qb6 12.
Bd3 g6 13. Bc2 Nc6 14. Na4 Qa5 15. Nxc6 bxc6 16. h4 Rb8 17. h5 Qb4 18. hxg6
Bxb2+ 19. Nxb2 Qxb2+ 20. Kd2 f5 $132 (20... fxg6 21. Rb1 $18 {1-0 Miles,
A-Stefansson,H/New York 1989/CBM 12 (26)} (21. Qxg6+ Qg7 22. Rxh6 Rxf2+ 23. Ke1
Rf8 24. Qxg7+ Kxg7 25. Rh7+ Kf6 26. Rxa7 $16))) 11. Bd3 g6 (11... Rd8 12. Qh7+
Kf8 13. Ne4 cxd4 (13... Nd7 14. Nxf6 Nxf6 15. Qh8+ Ke7 16. Qxg7 Rg8 17. Qxh6
cxd4 18. Rhe1 $16 {1-0 Gaprindashvili,N-Mistry Kennedy,S/Dubai 1986/TD (35)})
14. Nxf6 gxf6 15. Qxh6+ Ke7 16. Kb1 Nc6 $132 {0-1 Trifunovic,P-Rossetto,H/Mar
del Plata 1950/MCL (41)}) 12. Qe3 (12. Ne5 cxd4 13. Nxg6 Rd8 $19 (13... Qg5+
14. Nf4 Qxf4+ 15. Qxf4 Bg5 16. Qxg5+ hxg5 17. Nb5 $16 {1-0 Burgess,G-Dilleigh,
S/Bristol 1990/EXT 2000 (43)})) 12... cxd4 13. Nxd4 Rd8 14. Nb3 Qb4 $132) 10...
g6 11. dxc5 Nd7 (11... Na6 12. Qe3 Nxc5 $1 $132 (12... Qe7 13. O-O (13. Qxh6
Nxc5 14. Bc2 b6 15. Qe3 $16) 13... Nxc5 14. Be2 Bg7 15. Rab1 Na6 16. Rfd1 b6
17. Nd4 Bb7 $132 {1/2-1/2 Malich,B-Jansa,V/Sochi 1965/MCD (40)})) 12. Qe3 Qa5 (
12... Bg7 13. O-O Qc7 14. Rac1 Qxc5 $11 {1/2-1/2 Cifuentes Parada,R-Van der
Sterren,P/NLD 1993/EXT 97 (61)}) 13. O-O Nxc5 14. Bc2 Qb4 (14... Bg7 15. Ne5
Qc7 16. f4 Nd7 17. Nb5 Qb6 18. Qxb6 axb6 19. Rfe1 Nxe5 20. fxe5 Bd7 $11 {
0-1 Barbero,G-Petursson,M/Thessaloniki 1984/EXT 97-B (40)}) 15. Rab1 ({Equal
position after} 15. Qxh6 Bg7 (15... Qxb2 $4 {meets elegant refutation:} 16.
Bxg6 fxg6 17. Ng5 $1 {[%csl Rg8][%cal Gh6h7]} Bxg5 18. Qxg6+ Kh8 19. Qh5+ Kg7
20. Qxg5+ Kf7 (20... Kh7 21. Qxc5 $18) 21. Nb5 $18) 16. Qc1 Qxc4 17. Rd1 b6 (
17... Bxc3 18. bxc3 Qxc3 19. Bxg6 Qxc1 20. Raxc1 b6 $11) 18. Qe3 Bb7 $11) 15...
Qxc4 16. Ne5 $2 $15 (16. Qxh6 $142 Bg7 17. Qe3 b6 $11) 16... Bxe5 17. Qxe5 Nd7
18. Qe3 (18. Qg3 {[%cal Gc2g6]} Nf6 19. Rfd1 Nh5 20. Qd6 Qf4 $15) 18... Kg7 19.
Rfd1 Qc5 20. Qd2 $6 $17 {White plays opening stage terrible...} (20. Qg3 Nf6
21. Rd2 Bd7 $15) 20... Nb6 $1 ({Drops the advantage} 20... Nf6 $2 21. Rbc1 Bd7
22. Ne4 Nxe4 23. Bxe4 Qe5 24. Bxb7 Rad8 25. Qb4 $132) 21. Ne4 Qe7 22. Qc3+ (22.
Nd6 e5 23. Qb4 Kh7 24. a4 Bd7 25. a5 (25. Rd2 Bc6 26. Rbd1 Rad8 27. f4 e4 $17)
25... Nc8 $17) 22... e5 23. Nd6 f6 $2 $14 ({Right was} 23... Bg4 24. f3 Rad8
25. Qa3 Nc8 26. Nc4 Be6 27. Nxe5 Bxa2 $1 $17 {and Black leaves with advantage.}
) 24. Qc5 $1 {[%csl Re7] Threatening Nf5+} (24. Qg3 f5 25. Rd2 Qf6 26. Rbd1 $44
(26. Re1 e4 $15)) 24... Kh7 $8 25. Nxb7 Qxb7 $2 $16 {Wrong variations
calculation.} ({Right was} 25... Qxc5 26. Nxc5 Bg4 27. f3 Rac8 28. b4 Bf5 29.
Bxf5 gxf5 30. Rd6 $14) 26. Qxf8 Bf5 $2 $18 {Loses immediately.} ({Black had to
play} 26... Qxg2+ 27. Kxg2 Bb7+ 28. Kg1 Rxf8 29. Rd6 $16 {This position is
close to winning.}) 27. Rd8 $1 Rxd8 28. Qxd8 Qd7 {This move is not better} ({
than} 28... Bxc2 29. Rc1 $18 {[%csl Rb7,Rc2][%cal Gc1c7]}) 29. Qxd7+ Bxd7 30.
Rd1 Kg7 31. f3 Kf8 32. Bxg6 Ke7 33. Bc2 Be6 34. b3 Nd5 35. Rd2 Nc3 36. Bd3 a5
37. g4 Bd5 38. Rc2 Nd1 39. Be2 Ne3 40. Rc3 1-0